UBT Library

Cults of unreason (Record no. 43841)

000 -LEADER
fixed length control field 00548cam a2200229 4500
001 - CONTROL NUMBER
control field 1257084
005 - DATE AND TIME OF LATEST TRANSACTION
control field 20180301074518.0
008 - FIXED-LENGTH DATA ELEMENTS--GENERAL INFORMATION
fixed length control field 731211s1973 enk 001 0 eng
010 ## - LIBRARY OF CONGRESS CONTROL NUMBER
LC control number 73178574
015 ## - NATIONAL BIBLIOGRAPHY NUMBER
National bibliography number GB73-25136
020 ## - INTERNATIONAL STANDARD BOOK NUMBER
International Standard Book Number 0245518703
040 ## - CATALOGING SOURCE
Original cataloging agency DLC
Transcribing agency DLC
Modifying agency DLC
041 ## - LANGUAGE CODE
Language code of text/sound track or separate title eng
080 ## - UNIVERSAL DECIMAL CLASSIFICATION NUMBER
Universal Decimal Classification number 133.062 EVA
082 00 - DEWEY DECIMAL CLASSIFICATION NUMBER
Classification number 133.062 EVA
100 1# - Rafti
Rafti 48
101 ## - Shkurtesa
Shkurtesa PSI
245 10 - TITLE STATEMENT
Title Cults of unreason
Statement of responsibility, etc [by] Christopher Evans.
350 ## - PRICE (NR) (BK AM CF MU VM SE) [OBSOLETE]
Price £3.00
906 ## - LOCAL DATA ELEMENT F, LDF (RLIN)
a 7
b cbc
c orignew
d 3
e ncip
f 19
g y-gencatlg
942 ## - ADDED ENTRY ELEMENTS (KOHA)
Source of classification or shelving scheme
Item type Books
Holdings
Withdrawn status Lost status Source of classification or shelving scheme Damaged status Not for loan Collection code Permanent location Current location Shelving location Date acquired Total Checkouts Full call number Barcode Date last seen Price effective from Koha item type
          Koleksioni i përgjithshem UBT - Lipjan UBT - Lipjan Koleksioni i përgjithshem 03/01/2018   133.062 EVA 002-3000544 03/01/2018 03/01/2018 Books
UBT Library © 2015-2024. All rights reserved University Education for Business and Technology